[Event "GER-ch40 final email"]
[Site "GER email"]
[Date "2010.02.02"]
[Round "?"]
[White "Anderskewitz, Ralf"]
[Black "Marotz, Hans Joachim"]
[Result "1/2-1/2"]
[WhiteElo "2111"]
[BlackElo "2134"]
[PlyCount "51"]
[EventDate "2010.02.08"]
[EventType "tourn (corr)"]
[EventRounds "12"]
[EventCountry "GER"]
[SourceTitle "Corr 2015"]
[Source "ChessBase"]
[SourceDate "2015.07.17"]
[SourceVersion "1"]
[SourceVersionDate "2015.07.17"]
[SourceQuality "1"]
[WhiteTeam "Germany"]
[BlackTeam "Germany"]
[WhiteTeamCountry "GER"]
[BlackTeamCountry "GER"]

1. e4 e5 2. Nf3 Nc6 3. c3 Nf6 4. d4 Nxe4 5. d5 Ne7 6. Nxe5 Ng6 7. Qe2 Qe7 8. Qxe4 Qxe5 9. Qxe5+ Nxe5 10. Bf4 Bd6 11. Nd2 b6 12. 0-0-0 0-0 13. g3 Ng4 14. Bxd6 cxd6 15. Ne4 f5 16. Bh3 fxe4 17. Bxg4 Rxf2 18. Rd2 e3 19. Rxf2 exf2 20. Kd2 Ba6 21. Be2 Bb7 22. c4 b5 23. Ke3 bxc4 24. Bxc4 Rf8 25. Rf1 Rc8 26. b3 1/2-1/2

[Event "GER-ch40 final email"]
[Site "GER email"]
[Date "2010.02.02"]
[Round "?"]
[White "Dorer, Manfred"]
[Black "Marotz, Hans Joachim"]
[Result "1/2-1/2"]
[WhiteElo "2202"]
[BlackElo "2134"]
[PlyCount "66"]
[EventDate "2010.02.08"]
[EventType "tourn (corr)"]
[EventRounds "12"]
[EventCountry "GER"]
[SourceTitle "Corr 2015"]
[Source "ChessBase"]
[SourceDate "2015.07.17"]
[SourceVersion "1"]
[SourceVersionDate "2015.07.17"]
[SourceQuality "1"]
[WhiteTeam "Germany"]
[BlackTeam "Germany"]
[WhiteTeamCountry "GER"]
[BlackTeamCountry "GER"]

1. e4 e5 2. Nf3 Nc6 3. Bb5 a6 4. Ba4 Nf6 5. 0-0 Be7 6. Re1 b5 7. Bb3 d6 8. c3 0-0 9. h3 Na5 10. Bc2 c5 11. d4 Qc7 12. Nbd2 Bd7 13. Nf1 Nc4 14. b3 Nb6 15. Ne3 c4 16. Ba3 Rfe8 17. Qd2 Bf8 18. Rad1 a5 19. bxc4 Nxc4 20. Nxc4 bxc4 21. dxe5 dxe5 22. Bd6 Bxd6 23. Qxd6 Rac8 24. Qxc7 Rxc7 25. Rb1 Kf8 26. Red1 Rc5 27. Nd2 Bc6 28. f3 Rd8 29. Nf1 Rxd1 30. Rxd1 g6 31. Ne3 Ke7 32. Kf2 Ne8 33. a4 h5 1/2-1/2

[Event "GER-ch40 final email"]
[Site "GER email"]
[Date "2010.02.02"]
[Round "?"]
[White "Hofstetter, Hans Joachim"]
[Black "Marotz, Hans Joachim"]
[Result "1/2-1/2"]
[WhiteElo "2199"]
[BlackElo "2134"]
[PlyCount "63"]
[EventDate "2010.02.08"]
[EventType "tourn (corr)"]
[EventRounds "12"]
[EventCountry "GER"]
[SourceTitle "Corr 2015"]
[Source "ChessBase"]
[SourceDate "2015.07.17"]
[SourceVersion "1"]
[SourceVersionDate "2015.07.17"]
[SourceQuality "1"]
[WhiteTeam "Germany"]
[BlackTeam "Germany"]
[WhiteTeamCountry "GER"]
[BlackTeamCountry "GER"]

1. e4 e5 2. Nf3 Nc6 3. Bb5 a6 4. Ba4 Nf6 5. 0-0 Be7 6. Re1 b5 7. Bb3 d6 8. c3 0-0 9. d4 Bg4 10. Be3 exd4 11. cxd4 Na5 12. Bc2 Nc4 13. Bc1 c5 14. b3 Nb6 15. Nbd2 cxd4 16. h3 Bh5 17. g4 d3 18. Bxd3 Bg6 19. Bb2 d5 20. Ne5 dxe4 21. Nxg6 fxg6 22. Nxe4 Nbd5 23. Rc1 Nf4 24. Bf1 N6d5 25. a3 Qb6 26. Bd4 Qa5 27. Ra1 Rad8 28. Qc1 Rd7 29. b4 Qd8 30. Nc5 Rc7 31. Qb2 h5 32. Qb3 1/2-1/2

[Event "GER-ch40 final email"]
[Site "GER email"]
[Date "2010.02.02"]
[Round "?"]
[White "Marotz, Hans Joachim"]
[Black "Schreiber, Kurt"]
[Result "1/2-1/2"]
[WhiteElo "2134"]
[BlackElo "2286"]
[PlyCount "68"]
[EventDate "2010.02.08"]
[EventType "tourn (corr)"]
[EventRounds "12"]
[EventCountry "GER"]
[SourceTitle "Corr 2015"]
[Source "ChessBase"]
[SourceDate "2015.07.17"]
[SourceVersion "1"]
[SourceVersionDate "2015.07.17"]
[SourceQuality "1"]
[WhiteTeam "Germany"]
[BlackTeam "Germany"]
[WhiteTeamCountry "GER"]
[BlackTeamCountry "GER"]

1. Nf3 Nf6 2. g3 d5 3. Bg2 c6 4. 0-0 Bg4 5. d3 Nbd7 6. Nbd2 e6 7. e4 Be7 8. Qe2 0-0 9. h3 Bh5 10. Re1 h6 11. e5 Nh7 12. h4 Re8 13. Qe3 Nhf8 14. b3 c5 15. d4 Rc8 16. Bb2 cxd4 17. Nxd4 Bc5 18. Rac1 Ng6 19. Bf3 Bxf3 20. N2xf3 a6 21. c4 Bb4 22. Re2 dxc4 23. bxc4 Qa5 24. Qb3 Nc5 25. Qc2 Na4 26. Nb3 Qc7 27. Re4 Nxb2 28. Qxb2 Qc6 29. Re3 Qa4 30. Nbd4 Rc7 31. Qb3 Qxb3 32. Rxb3 Bc5 33. Ne2 Ne7 34. Nf4 Nc6 1/2-1/2

[Event "GER-ch45 final email"]
[Site "GER email"]
[Date "2009.09.29"]
[Round "?"]
[White "Mager, Friedhelm"]
[Black "Marotz, Hans Joachim"]
[Result "1/2-1/2"]
[WhiteElo "2088"]
[BlackElo "2150"]
[PlyCount "49"]
[EventDate "2009.??.??"]
[EventType "tourn (corr)"]
[EventRounds "10"]
[EventCountry "GER"]
[SourceTitle "Corr 2011"]
[Source "ChessBase"]
[SourceDate "2010.08.31"]
[SourceVersion "1"]
[SourceVersionDate "2010.08.31"]
[SourceQuality "1"]

1. d4 g6 2. e4 Bg7 3. Nc3 d6 4. Nf3 Nf6 5. Be2 0-0 6. 0-0 c6 7. h3 Nbd7 8. Be3 Qc7 9. a4 b6 10. Qd2 Bb7 11. Rfd1 a6 12. Bf4 e5 13. dxe5 dxe5 14. Be3 b5 15. Qd6 Qxd6 16. Rxd6 Rfe8 17. axb5 axb5 18. Rad1 Nf8 19. b4 Ra3 20. R6d3 Ne6 21. g3 Nh5 22. Bc1 Ra1 23. Be3 Ra3 24. Bc1 Ra1 25. Be3 1/2-1/2

[Event "GER-ch52 V7 email"]
[Site "GER email"]
[Date "2009.??.??"]
[Round "?"]
[White "Just, Joachim"]
[Black "Marotz, Hans Joachim"]
[Result "1/2-1/2"]
[WhiteElo "2050"]
[BlackElo "2150"]
[PlyCount "102"]
[EventDate "2009.??.??"]
[EventType "tourn (corr)"]
[EventRounds "6"]
[EventCountry "GER"]
[SourceTitle "Corr 2011"]
[Source "ChessBase"]
[SourceDate "2010.08.31"]
[SourceVersion "1"]
[SourceVersionDate "2010.08.31"]
[SourceQuality "1"]

1. d4 Nf6 2. Nf3 g6 3. c4 Bg7 4. Nc3 0-0 5. e4 d6 6. Be2 e5 7. dxe5 dxe5 8. Qxd8 Rxd8 9. Bg5 Re8 10. Nd5 Nxd5 11. cxd5 c6 12. Bc4 cxd5 13. Bxd5 Nd7 14. Nd2 Nb6 15. Bb3 Bd7 16. 0-0 Bf8 17. Rfd1 Rac8 18. Be3 Ba4 19. Rac1 Bb5 20. Nf3 Nc4 21. Bxc4 Rxc4 22. Rxc4 Bxc4 23. a3 a5 24. Bb6 a4 25. Rd7 Bb5 26. Rxb7 Bc6 27. Rc7 Bxe4 28. Ba5 Rd8 29. Kf1 f6 30. Nd2 Bf5 31. f3 Rc8 32. Rxc8 Bxc8 33. Bb4 Bg7 34. b3 axb3 35. Nxb3 Kf7 36. Nc5 Ke7 37. Kf2 Kd6 38. Na4+ Kc6 39. Nc3 f5 40. g3 Bf6 41. h3 Bd8 42. Ke1 Bb7 43. Kf2 Bb6+ 44. Ke2 Ba6+ 45. Ke1 Bc7 46. Kf2 Bc4 47. Kg2 Bb6 48. Bf8 Bd4 49. Bb4 Bd3 50. g4 Ba6 51. Kg3 Bd3 1/2-1/2

[Event "GER-ch45 final email"]
[Site "GER email"]
[Date "2009.??.??"]
[Round "?"]
[White "Marotz, Hans Joachim"]
[Black "Reinecke, Rudolf"]
[Result "1/2-1/2"]
[WhiteElo "2150"]
[BlackElo "2185"]
[PlyCount "60"]
[EventDate "2009.??.??"]
[EventType "tourn (corr)"]
[EventRounds "10"]
[EventCountry "GER"]
[SourceTitle "Corr 2011"]
[Source "ChessBase"]
[SourceDate "2010.08.31"]
[SourceVersion "1"]
[SourceVersionDate "2010.08.31"]
[SourceQuality "1"]

1. e4 e5 2. Nf3 Nc6 3. Bb5 a6 4. Bxc6 dxc6 5. 0-0 f6 6. d4 Bg4 7. c3 exd4 8. cxd4 Qd7 9. h3 Be6 10. Nc3 0-0-0 11. Bf4 Ne7 12. Rc1 Ng6 13. Bg3 Bd6 14. Na4 Bxg3 15. fxg3 Qd6 16. Nc5 Kb8 17. Qa4 Bc8 18. Rc3 Nf8 19. e5 Qd5 20. Qb4 b6 21. Rfc1 Nd7 22. Nd3 a5 23. Qa3 fxe5 24. dxe5 c5 25. Nf4 Qe4 26. Re3 Qb4 27. Qxb4 axb4 28. Ne6 Rdg8 29. Rce1 h6 30. Nf4 g5 1/2-1/2

[Event "GER-ch42 final email"]
[Site "GER email"]
[Date "2009.??.??"]
[Round "?"]
[White "Marotz, Hans Joachim"]
[Black "Wolfenter, Friedrich"]
[Result "0-1"]
[WhiteElo "2150"]
[BlackElo "2111"]
[PlyCount "88"]
[EventDate "2008.??.??"]
[EventType "tourn (corr)"]
[EventRounds "10"]
[EventCountry "GER"]
[SourceTitle "Corr 2011"]
[Source "ChessBase"]
[SourceDate "2010.08.31"]
[SourceVersion "1"]
[SourceVersionDate "2010.08.31"]
[SourceQuality "1"]

1. Nf3 d5 2. d4 Nf6 3. g3 Bf5 4. Bg2 e6 5. 0-0 c6 6. c4 Nbd7 7. cxd5 exd5 8. Nc3 h6 9. Ne5 Be7 10. Nf3 Qb6 11. a3 Rd8 12. Nh4 Bh7 13. Na4 Qa6 14. Be3 0-0 15. Bh3 Rfe8 16. Bf5 Ne4 17. Bxh7+ Kxh7 18. Nf3 Kg8 19. Qc2 Bf6 20. Rac1 Re6 21. Rfe1 Rde8 22. Nc3 Nxc3 23. Qxc3 Nb6 24. b3 Nc8 25. a4 Nd6 26. Qc2 g5 27. Kg2 g4 28. Nd2 h5 29. Nf1 Qb6 30. Rcd1 Re4 31. Rd3 Nf5 32. Qd2 a5 33. f3 gxf3+ 34. exf3 R4e6 35. Bf2 Rxe1 36. Bxe1 Nxd4 37. Bf2 c5 38. Ne3 Qc6 39. Qd1 b6 40. h4 Bg7 41. Kg1 Bh6 42. f4 Bg7 43. Kh2 Re4 44. Qxh5 c4 0-1

[Event "GER-ch42 final email"]
[Site "GER email"]
[Date "2008.10.13"]
[Round "?"]
[White "Marotz, Hans Joachim"]
[Black "Hildebrand, Gerald"]
[Result "1/2-1/2"]
[WhiteElo "2150"]
[BlackElo "2193"]
[PlyCount "47"]
[EventDate "2008.??.??"]
[EventType "tourn (corr)"]
[EventRounds "10"]
[EventCountry "GER"]
[SourceTitle "Corr 2011"]
[Source "ChessBase"]
[SourceDate "2010.08.31"]
[SourceVersion "1"]
[SourceVersionDate "2010.08.31"]
[SourceQuality "1"]

1. Nf3 g6 2. e4 Bg7 3. d4 d6 4. Nc3 Nf6 5. Be2 Bg4 6. 0-0 0-0 7. Be3 Nc6 8. Qd2 e5 9. dxe5 dxe5 10. Rad1 Qe7 11. Bg5 Qb4 12. Bxf6 Bxf6 13. Nd5 Qxd2 14. Rxd2 Bxf3 15. Nxf6+ Kg7 16. Bxf3 Kxf6 17. Rd7 Rac8 18. c3 Rfd8 19. Rdd1 Rxd1 20. Rxd1 Rd8 21. Kf1 Ke7 22. Be2 a6 23. Ke1 Rxd1+ 24. Kxd1 1/2-1/2

[Event "GER-ch41 final email"]
[Site "GER email"]
[Date "2008.10.06"]
[Round "?"]
[White "Reinecke, Rudolf"]
[Black "Marotz, Hans Joachim"]
[Result "1/2-1/2"]
[WhiteElo "2217"]
[BlackElo "2150"]
[PlyCount "58"]
[EventDate "2008.??.??"]
[EventType "tourn (corr)"]
[EventRounds "14"]
[EventCountry "GER"]
[SourceTitle "Corr 2011"]
[Source "ChessBase"]
[SourceDate "2010.08.31"]
[SourceVersion "1"]
[SourceVersionDate "2010.08.31"]
[SourceQuality "1"]

1. d4 Nf6 2. c4 g6 3. Nc3 Bg7 4. e4 d6 5. Nf3 0-0 6. Be2 e5 7. dxe5 dxe5 8. Qxd8 Rxd8 9. Bg5 Re8 10. Nd5 Nxd5 11. cxd5 c6 12. Bc4 cxd5 13. Bxd5 Nd7 14. Nd2 Nb6 15. Bb3 Bd7 16. 0-0 Bf8 17. a4 Bc6 18. Be3 Nd7 19. Rac1 Bb4 20. Nf3 Kg7 21. Rfd1 Re7 22. Ng5 Nf8 23. f3 Ba5 24. Bc5 Bb6 25. a5 Bxc5+ 26. Rxc5 f6 27. Nh3 Ne6 28. Bxe6 Rxe6 29. b4 a6 1/2-1/2

[Event "GER-ch41 final email"]
[Site "GER email"]
[Date "2008.09.22"]
[Round "?"]
[White "Mueller, Horst"]
[Black "Marotz, Hans Joachim"]
[Result "1/2-1/2"]
[WhiteElo "2162"]
[BlackElo "2150"]
[PlyCount "64"]
[EventDate "2008.??.??"]
[EventType "tourn (corr)"]
[EventRounds "14"]
[EventCountry "GER"]
[SourceTitle "Corr 2011"]
[Source "ChessBase"]
[SourceDate "2010.08.31"]
[SourceVersion "1"]
[SourceVersionDate "2010.08.31"]
[SourceQuality "1"]

1. d4 Nf6 2. c4 g6 3. Nc3 Bg7 4. e4 d6 5. Nf3 0-0 6. Be2 e5 7. 0-0 Nbd7 8. Be3 Re8 9. d5 Nh5 10. g3 Bf8 11. Ne1 Ng7 12. Nd3 Be7 13. Rc1 f5 14. f3 Bg5 15. Qd2 Bxe3+ 16. Qxe3 b6 17. f4 fxe4 18. Nxe4 Nf5 19. Qd2 Nf6 20. Nxf6+ Qxf6 21. fxe5 dxe5 22. g4 e4 23. gxf5 exd3 24. Bxd3 Bxf5 25. Bxf5 gxf5 26. Rce1 Rad8 27. b3 Kf8 28. Rxe8+ Rxe8 29. Kh1 Re5 30. Qc3 Ke7 31. Rg1 Kd7 32. Qh3 h6 1/2-1/2

[Event "GER-ch40 V01 email"]
[Site "GER email"]
[Date "2008.04.28"]
[Round "?"]
[White "Hopp, Karlheinz"]
[Black "Marotz, Hans Joachim"]
[Result "1-0"]
[WhiteElo "2031"]
[BlackElo "2150"]
[PlyCount "42"]
[EventDate "2008.??.??"]
[EventType "tourn (corr)"]
[EventRounds "10"]
[EventCountry "GER"]
[SourceTitle "Corr 2011"]
[Source "ChessBase"]
[SourceDate "2010.08.31"]
[SourceVersion "1"]
[SourceVersionDate "2010.08.31"]
[SourceQuality "1"]

1. d4 Nf6 2. Nf3 g6 3. Bf4 Bg7 4. h3 c5 5. e3 0-0 6. c3 Qb6 7. Qb3 Nc6 8. Nbd2 d6 9. Nc4 Qxb3 10. axb3 Nd5 11. Bg3 cxd4 12. Nxd4 Nxd4 13. exd4 Be6 14. Bd3 b5 15. Na5 a6 16. 0-0 Rac8 17. Rfe1 Rc7 18. Be2 Bf6 19. Bf3 Kg7 20. Re2 Rh8 21. Rae1 h5 1-0

[Event "GER-ch40 V01 email"]
[Site "GER email"]
[Date "2008.04.28"]
[Round "?"]
[White "Marotz, Hans Joachim"]
[Black "Lindenblatt, Ingo"]
[Result "1/2-1/2"]
[WhiteElo "2150"]
[BlackElo "2032"]
[PlyCount "74"]
[EventDate "2008.??.??"]
[EventType "tourn (corr)"]
[EventRounds "10"]
[EventCountry "GER"]
[SourceTitle "Corr 2011"]
[Source "ChessBase"]
[SourceDate "2010.08.31"]
[SourceVersion "1"]
[SourceVersionDate "2010.08.31"]
[SourceQuality "1"]

1. Nf3 Nf6 2. g3 b6 3. Bg2 Bb7 4. c4 e6 5. 0-0 Be7 6. d4 0-0 7. Nc3 Bb4 8. Qc2 Bxc3 9. Qxc3 d6 10. b4 Nbd7 11. Bb2 h6 12. Rfd1 Re8 13. Rac1 Be4 14. Bf1 a5 15. b5 Qe7 16. Ne1 e5 17. f3 Bb7 18. e4 exd4 19. Qxd4 Ne5 20. Bg2 Qe6 21. Nd3 Nxd3 22. Rxd3 Qe7 23. Rd2 Rab8 24. Qc3 Qf8 25. Qb3 Qe7 26. Bd4 Nd7 27. Bh3 Bc8 28. Bf1 Nc5 29. Qc3 f6 30. Rcd1 Ne6 31. Bf2 Qf7 32. h4 Nf8 33. Re1 Nd7 34. f4 Re7 35. Qc2 Qg6 36. Bg2 Bb7 37. Bh3 Qf7 1/2-1/2

[Event "GER-ch40 V01 email"]
[Site "GER email"]
[Date "2008.04.28"]
[Round "?"]
[White "Schwarzmeier, Josef"]
[Black "Marotz, Hans Joachim"]
[Result "1/2-1/2"]
[WhiteElo "2242"]
[BlackElo "2150"]
[PlyCount "39"]
[EventDate "2008.??.??"]
[EventType "tourn (corr)"]
[EventRounds "10"]
[EventCountry "GER"]
[SourceTitle "Corr 2011"]
[Source "ChessBase"]
[SourceDate "2010.08.31"]
[SourceVersion "1"]
[SourceVersionDate "2010.08.31"]
[SourceQuality "1"]

1. d4 Nf6 2. c4 b6 3. Nf3 e6 4. a3 Bb7 5. Nc3 d5 6. cxd5 Nxd5 7. e3 Nxc3 8. bxc3 Be7 9. Bd3 c5 10. 0-0 0-0 11. e4 cxd4 12. cxd4 Nc6 13. Be3 Rc8 14. Qe2 Na5 15. a4 Nc6 16. Ba6 Bxa6 17. Qxa6 Nb4 18. Qxa7 Ra8 19. Qb7 Rb8 20. Qa7 1/2-1/2

[Event "GER-ch46 V2 email"]
[Site "GER email"]
[Date "2008.04.14"]
[Round "?"]
[White "Marotz, Hans Joachim"]
[Black "Hoge, Heinz"]
[Result "1-0"]
[WhiteElo "2150"]
[BlackElo "1230"]
[PlyCount "33"]
[EventDate "2008.??.??"]
[EventType "tourn (corr)"]
[EventRounds "10"]
[EventCountry "GER"]
[SourceTitle "Corr 2011"]
[Source "ChessBase"]
[SourceDate "2010.08.31"]
[SourceVersion "1"]
[SourceVersionDate "2010.08.31"]
[SourceQuality "1"]

1. Nf3 Nc6 2. d4 d5 3. c4 Nf6 4. Nc3 Bg4 5. cxd5 Nxd5 6. e4 Nxc3 7. bxc3 Bxf3 8. Qxf3 e6 9. Rb1 Na5 10. Bd3 Bd6 11. h4 Qf6 12. Qh5 0-0-0 13. Qxa5 Bf4 14. Rxb7 Kxb7 15. Ba6+ Kc6 16. Qb5+ Kd6 17. Ba3+ 1-0

[Event "GER-ch46 V2 email"]
[Site "GER email"]
[Date "2008.??.??"]
[Round "?"]
[White "Lippstreu, Guenter"]
[Black "Marotz, Hans Joachim"]
[Result "1/2-1/2"]
[WhiteElo "2306"]
[BlackElo "2150"]
[PlyCount "64"]
[EventDate "2008.??.??"]
[EventType "tourn (corr)"]
[EventRounds "10"]
[EventCountry "GER"]
[SourceTitle "Corr 2011"]
[Source "ChessBase"]
[SourceDate "2010.08.31"]
[SourceVersion "1"]
[SourceVersionDate "2010.08.31"]
[SourceQuality "1"]

1. c4 e5 2. Nc3 Nf6 3. Nf3 Nc6 4. e3 Be7 5. d4 exd4 6. Nxd4 0-0 7. Be2 d5 8. Nxc6 bxc6 9. 0-0 Bd6 10. cxd5 cxd5 11. b3 c6 12. Bb2 Bd7 13. Bf3 Re8 14. Rc1 Rc8 15. Qd4 Be5 16. Qh4 Bf5 17. Rfd1 Qa5 18. b4 Qd8 19. Na4 Bxb2 20. Nxb2 Be4 21. Na4 a5 22. a3 Bxf3 23. gxf3 axb4 24. axb4 Qd6 25. Nc5 Nd7 26. Qg3 Qe7 27. Rd4 Ne5 28. Kh1 Ra8 29. Rg1 g6 30. f4 Nd7 31. f5 Nxc5 32. bxc5 Qe5 1/2-1/2